000 00694nam a2200253Ia 4500
003 OSt
005 20221007103837.0
006 a|||||r|||| 00| 0
007 ta
008 221006b |||||||| |||| 00| 0 eng d
024 _a14,210
037 _cTextual
040 _aLCO
_cLCO
_beng
041 _2eng
_aeng
082 _aZ2,7,41, N7
100 _aHurder Alex J.
_9705633
245 0 _aClinical Anthology Readings for Live -Client Clinics
260 _aOhio
_bAnderson Pub. Co.
_c1997
300 _aXVII+397
650 _aCLINICAL ANTHOLOGY
_9705634
700 _a & others
942 _hZ2,7,41, N7
_cTEXL
999 _c1183773
_d1183773